000 01845nam a2200373Ia 4500
001 vtls003192131
003 MY-SjTCS
005 20200226110611.0
006 m u
007 cr cn|||||||||
008 100712s2004 dcua sb f100 0 eng d
020 _z0309091748 (Book)
020 _z0309531047 (PDF)
035 _a(CaPaEBR)ebr10055015
039 9 _y201007121631
_zVLOAD
040 _aCaPaEBR
_cCaPaEBR
050 1 4 _aQ130
_b.A34 2004eb
245 0 0 _aAchieving XXcellence in science
_h[electronic resource] :
_brole of professional societies in advancing women in science : proceedings of a workshop AXXS 2000 /
_cSally Shaywitz and Jong-on Hahm, editors ; Committee on Women in Science and Engineering, Policy and Global Affairs, National Research Council of the National Academies.
246 3 _aAchieving excellence in science
260 _aWashington, D.C. :
_bNational Academies Press,
_c2004.
300 _ax, 100 p. :
_bill.
500 _a"This project was supported by the Office of Research on Women's Health, National Institutes of Health, Grant No. N01-OD-4-213, Task Order #103"--T.P. verso.
504 _aIncludes bibliographical references.
529 _aTSLHHL
533 _aElectronic reproduction.
_bPalo Alto, Calif. :
_cebrary,
_d2009.
_nAvailable via World Wide Web.
_nAccess may be limited to ebrary affiliated libraries.
650 0 _aWomen in science
_vCongresses.
650 0 _aProfessional associations
_vCongresses.
655 7 _aElectronic books.
_2local
700 1 _aShaywitz, Sally E.
700 1 _aHahm, Jong-on.
710 2 _aebrary, Inc.
_925628
711 2 _aAXXS 2002
_d(2002 :
_cWashington, D.C.)
856 4 0 _uhttps://ezproxy.taylors.edu.my/login?url=http://site.ebrary.com/lib/taylorscollege/Doc?id=10055015
_zAn electronic book accessible through the World Wide Web; click to view
999 _c69566